000 00439nam a2200169Ia 4500
008 110201s9999 xx 000 0 und d
082 _bB7058
_aE 278
100 _aBetty Neels
245 _aThe little dragon betty neels
260 _bMills and Boon Limited
365 _b0
600 _aBetty Neels
630 _aThe little dragon betty neels
700 _aBetty Neels
730 _aThe little dragon betty neels
942 _cBOOK
999 _c832625
_d832622